000
002580000a22000970004500
100
1
_a
Bridges, Jerry
245
1
0
_a
Obedecer más bien que triunfar
300
_a
Vol. 4, Num. 4 (Febrero, 1996), Páginas 8-9
773
0
_t
Temas de la vida cristiana
942
_c
ANA
999
_c
53375
_d
53375